|
|
|
|
| LEADER |
00000nam a2200000 a 4500 |
| 001 |
UCI2642 |
| 003 |
CL-VaPUC |
| 005 |
20230817172423.0 |
| 008 |
070831e19970000GW |||||||||||||||||eng|d |
| 999 |
|
|
|c 327124
|d 327122
|
| 020 |
|
|
|a 3540625410
|
| 040 |
|
|
|c Pontificia Universidad Católica de Valparaíso
|
| 082 |
0 |
4 |
|a 658.5
|b PAR
|2 21
|
| 100 |
|
|
|a Pardalos, Panos M.
|e editor
|9 523706
|
| 245 |
1 |
0 |
|a Network optimization
|
| 260 |
|
|
|a Berlín
|b Springer
|c 1997
|
| 300 |
|
|
|a 485 p
|
| 583 |
|
|
|a last modification
|c 20070831 00:00:00
|k Rodrigo Vera
|
| 650 |
|
0 |
|a Optimización
|9 339671
|
| 650 |
|
0 |
|a Ingeniería industrial
|9 260973
|
| 650 |
|
0 |
|a Modelos matemáticos
|9 259437
|
| 700 |
0 |
|
|a Hearn, Donald W.
|e editor
|9 880430
|
| 700 |
0 |
|
|a Hager, William W.
|e editor
|9 880431
|
| 942 |
|
|
|c BK
|2 ddc
|
| 945 |
|
|
|d 20070831 00:00:00
|a jtorresc
|
| 952 |
|
|
|0 0
|1 0
|4 0
|6 658_500000000000000_PAR_1997
|7 0
|8 A
|9 409580
|a BIBING
|b BIBING
|d 2019-11-22
|i 4368622
|o 658.5 PAR 1997
|p 4368622
|r 2025-01-20
|w 2019-11-22
|y BK
|k EII
|